|
|
|
|
| LEADER |
00000nam a2200000 a 4500 |
| 001 |
vtls008847903 |
| 003 |
SK-MaSNL |
| 005 |
20260311132758.0 |
| 008 |
251029s2005 xxkoa n 001 0 eng |
| 015 |
|
|
|a SNBZSA2007-00172
|
| 020 |
|
|
|a 0521810671
|q (viaz.)
|
| 035 |
|
|
|a 88D5242D-F0F2-4739-BA89-0FB45A959E75
|
| 035 |
|
|
|a urn:nbn:sk:snk-amlgdn
|
| 035 |
|
|
|a urn:nbn:sk:snk-am0093qf
|
| 040 |
|
|
|a SNK
|b slo
|c SNK
|e AACR2
|
| 041 |
0 |
|
|a eng
|
| 043 |
|
|
|a e-cs---
|
| 044 |
|
|
|a xxk
|c GB
|a xxu
|c US
|
| 072 |
|
7 |
|a 341
|x Medzinárodné právo
|2 konspekt
|
| 080 |
|
|
|a 341.49
|2 2001
|
| 080 |
|
|
|a 343.4
|x (437)
|2 2001
|
| 080 |
|
|
|a 94(437)
|2 2001
|
| 100 |
1 |
|
|a Frommer, Benjamin,
|d 1969-
|4 aut
|9 310630
|
| 245 |
1 |
0 |
|a National cleansing
|b retribution against Nazi collaborators in postwar Czechoslovakia
|c Benjamin Frommer
|
| 250 |
|
|
|a 1st publ.
|
| 260 |
|
|
|a Cambridge
|b Cambridge University Press
|c 2005
|
| 300 |
|
|
|a xv, 387 s.
|b fotogr., ilustr., mp.
|c 24 cm
|
| 490 |
1 |
|
|a Studies in the social and cultural history of modern warfare
|v 20
|
| 504 |
|
|
|a Biibliogr. Reg.
|
| 650 |
0 |
7 |
|a druhá svetová vojna (1939-1945)
|2 SNKPH
|9 169657
|
| 650 |
0 |
7 |
|a vojnové zločiny
|2 SNKPH
|9 4460
|
| 650 |
0 |
7 |
|a kolaboranti
|2 SNKPH
|9 4809
|
| 650 |
0 |
7 |
|a súdne procesy
|2 SNKPH
|9 29433
|
| 651 |
|
7 |
|a Československo
|2 SNKPH
|9 21376
|
| 655 |
|
7 |
|a štúdie
|2 SNKPH
|9 57033
|
| 830 |
|
0 |
|a Studies in the social and cultural history of modern warfare
|9 534788
|
| 919 |
|
|
|a 0-521-81067-1
|
| 958 |
|
|
|a ZS
|
| 958 |
|
|
|a CZ
|
| 958 |
|
|
|a NB
|
| 999 |
|
|
|c 825185
|d 827115
|
| 952 |
|
|
|a SNK
|b SNK
|y PREZ
|7 0
|p 17A0521418
|o snkSC 124922
|i snk2006/19227
|8 4
|g 87.83
|0 0
|1 0
|4 0
|d 2006-09-21
|f 1
|l 0
|r 2025-06-09 00:00:00
|w 2026-02-24
|